00323nam a2200109Ia 4500008004100000020001800041100002000059245005700079260003400136300002000170650002300190191023s9999 xx 000 0 und d a9781435460492 aWyman, David M. cDavid M. Wyman.--aFearless photographer :bnature / aUSA :bCengage Learningc2017 axiv, 226 pages. aNature photography